[Event "Benidorm Satellite preliminary"]
[Site "playchess.com #007036"]
[Date "2009.10.24"]
[Round "2"]
[White "Ferdi Sert"]
[Black "Heinz53"]
[Result "1-0"]
[WhiteElo "1832"]
[BlackElo "1641"]
[PlyCount "89"]
[EventDate "2009.10.24"]
[EventType "swiss (blitz)"]

1. e4 {[%emt 0:00:00]} d5 {[%emt 0:00:01]} 2. exd5 {[%emt 0:00:01]} Nf6 {[%emt
0:00:01]} 3. Nf3 {[%emt 0:00:01]} e6 {[%emt 0:00:01]} 4. d4 {[%emt 0:00:00]}
exd5 {[%emt 0:00:02]} 5. Bd3 {[%emt 0:00:02]} c6 {[%emt 0:00:02]} 6. O-O {
[%emt 0:00:01]} Bg4 {[%emt 0:00:03]} 7. Re1+ {[%emt 0:00:01]} Be7 {[%emt 0:00:
01]} 8. Bg5 {[%emt 0:00:01]} O-O {[%emt 0:00:01]} 9. h3 {[%emt 0:00:05]} Bh5 {
[%emt 0:00:03]} 10. Nbd2 {[%emt 0:00:06]} Nbd7 {[%emt 0:00:03]} 11. Nf1 {[%emt
0:00:03]} h6 {[%emt 0:00:02]} 12. Bh4 {[%emt 0:00:12]} Re8 {[%emt 0:00:03]} 13.
Ng3 {[%emt 0:00:06]} Bxf3 {[%emt 0:00:10]} 14. Qxf3 {[%emt 0:00:04]} g5 {[%emt
0:00:25]} 15. Nf5 {[%emt 0:00:02]} gxh4 {[%emt 0:00:15]} 16. Nxh6+ {[%emt 0:00:
01]} Kg7 {[%emt 0:00:05]} 17. Nf5+ {[%emt 0:00:19]} Kf8 {[%emt 0:00:11]} 18.
Qf4 {[%emt 0:00:01]} Ng8 {[%emt 0:00:18]} 19. Qg4 {[%emt 0:00:04]} Bf6 {[%emt
0:00:14]} 20. Nd6 {[%emt 0:00:25]} Rxe1+ {[%emt 0:00:12]} 21. Rxe1 {[%emt 0:00:
02]} Qc7 {[%emt 0:00:00]} 22. Nf5 {[%emt 0:00:26]} Re8 {[%emt 0:00:10]} 23.
Rxe8+ {[%emt 0:00:14]} Kxe8 {[%emt 0:00:04]} 24. Qxg8+ {[%emt 0:00:01]} Nf8 {
[%emt 0:00:06]} 25. Qg4 {[%emt 0:00:09]} Ne6 {[%emt 0:00:09]} 26. c3 {[%emt 0:
00:05]} Qf4 {[%emt 0:00:10]} 27. Qxf4 {[%emt 0:00:02]} Nxf4 {[%emt 0:00:01]}
28. Bf1 {[%emt 0:00:02]} Kd7 {[%emt 0:00:11]} 29. g3 {[%emt 0:00:01]} hxg3 {
[%emt 0:00:02]} 30. fxg3 {[%emt 0:00:01]} Ne6 {[%emt 0:00:02]} 31. h4 {[%emt 0:
00:01]} c5 {[%emt 0:00:01]} 32. Bh3 {[%emt 0:00:11]} Kc6 {[%emt 0:00:06]} 33.
dxc5 {[%emt 0:00:07]} Nxc5 {[%emt 0:00:01]} 34. g4 {[%emt 0:00:02]} d4 {[%emt
0:00:06]} 35. cxd4 {[%emt 0:00:02]} Ne4 {[%emt 0:00:03]} 36. Bg2 {[%emt 0:00:
02]} Kd5 {[%emt 0:00:02]} 37. g5 {[%emt 0:00:01]} Bh8 {[%emt 0:00:02]} 38. Ng3
{[%emt 0:00:04]} Bxd4+ {[%emt 0:00:05]} 39. Kf1 {[%emt 0:00:03]} Bxb2 {[%emt 0:
00:06]} 40. Nxe4 {[%emt 0:00:01]} Kd4 {[%emt 0:00:02]} 41. h5 {[%emt 0:00:04]}
b5 {[%emt 0:00:04]} 42. h6 {[%emt 0:00:01]} b4 {[%emt 0:00:01]} 43. h7 {[%emt
0:00:02]} a5 {[%emt 0:00:02]} 44. h8=Q+ {[%emt 0:00:03]} Ke3 {[%emt 0:00:00]}
45. Qxb2 {[%emt 0:00:02] Heinz53 gibt auf} 1-0

[Event "Benidorm Satellite preliminary"]
[Site "playchess.com #007036"]
[Date "2009.10.24"]
[Round "2"]
[White "Nitroglycérine"]
[Black "LaOla"]
[Result "0-1"]
[WhiteElo "1868"]
[BlackElo "2393"]
[PlyCount "72"]
[EventDate "2009.10.24"]
[EventType "swiss (blitz)"]

1. e4 {[%emt 0:00:01]} c5 {[%emt 0:00:01]} 2. Nf3 {[%emt 0:00:01]} d6 {[%emt 0:
00:01]} 3. d4 {[%emt 0:00:01]} cxd4 {[%emt 0:00:00]} 4. Nxd4 {[%emt 0:00:01]}
Nf6 {[%emt 0:00:02]} 5. Nc3 {[%emt 0:00:00]} a6 {[%emt 0:00:01]} 6. Bg5 {[%emt
0:00:02]} e6 {[%emt 0:00:01]} 7. Qd2 {[%emt 0:00:02]} Qb6 {[%emt 0:00:04]} 8.
O-O-O {[%emt 0:00:12]} Nc6 {[%emt 0:00:03]} 9. f3 {[%emt 0:00:03]} Qxd4 {[%emt
0:00:07]} 10. Qxd4 {[%emt 0:00:02]} Nxd4 {[%emt 0:00:00]} 11. Rxd4 {[%emt 0:00:
00]} h6 {[%emt 0:00:01]} 12. Bh4 {[%emt 0:00:17]} Be7 {[%emt 0:00:02]} 13. Bg3
{[%emt 0:00:06]} e5 {[%emt 0:00:01]} 14. Rd2 {[%emt 0:00:11]} Be6 {[%emt 0:00:
04]} 15. b3 {[%emt 0:00:44]} Rc8 {[%emt 0:00:05]} 16. Kb2 {[%emt 0:00:04]} O-O
{[%emt 0:00:17]} 17. Bf2 {[%emt 0:00:06]} b5 {[%emt 0:00:33]} 18. a4 {[%emt 0:
00:32]} bxa4 {[%emt 0:00:13]} 19. Nxa4 {[%emt 0:00:09]} d5 {[%emt 0:00:02]} 20.
Bxa6 {[%emt 0:00:27]} Rb8 {[%emt 0:00:43] '} 21. Bc5 {[%emt 0:00:35]} Bxc5 {
[%emt 0:00:06]} 22. Nxc5 {[%emt 0:00:00]} dxe4 {[%emt 0:00:05]} 23. Nxe4 {
[%emt 0:00:03]} Nd5 {[%emt 0:00:09]} 24. Bc4 {[%emt 0:00:04]} Nf4 {[%emt 0:00:
06]} 25. Bxe6 {[%emt 0:00:03]} Nxe6 {[%emt 0:00:00]} 26. Rhd1 {[%emt 0:00:04]}
Rfc8 {[%emt 0:00:04]} 27. c3 {[%emt 0:00:03]} Nf4 {[%emt 0:00:10]} 28. g3 {
[%emt 0:00:02]} Ne6 {[%emt 0:00:03]} 29. Nd6 {[%emt 0:00:04]} Rc6 {[%emt 0:00:
04]} 30. Ne4 {[%emt 0:00:01]} Rcb6 {[%emt 0:00:01]} 31. Rd8+ {[%emt 0:00:01]}
Nxd8 {[%emt 0:00:02]} 32. Rd7 {[%emt 0:00:03]} Rxb3+ {[%emt 0:00:02]} 33. Kc2 {
[%emt 0:00:00]} Ne6 {[%emt 0:00:03]} 34. Kd3 {[%emt 0:00:00]} f5 {[%emt 0:00:
02]} 35. Nd6 {[%emt 0:00:03]} Nc5+ {[%emt 0:00:03]} 36. Kc4 {[%emt 0:00:03]}
Nxd7 {[%emt 0:00:01] Temps} 0-1

[Event "Benidorm Satellite preliminary"]
[Site "playchess.com #007036"]
[Date "2009.10.24"]
[Round "2"]
[White "Stellar7"]
[Black "Roefe"]
[Result "0-1"]
[WhiteElo "1900"]
[BlackElo "1651"]
[PlyCount "94"]
[EventDate "2009.10.24"]
[EventType "swiss (blitz)"]

1. d4 {[%emt 0:00:02]} d5 {[%emt 0:00:01]} 2. Bf4 {[%emt 0:00:02]} e6 {[%emt 0:
00:01]} 3. c4 {[%emt 0:00:02]} Nf6 {[%emt 0:00:02]} 4. e3 {[%emt 0:00:01]} Be7
{[%emt 0:00:01]} 5. Nc3 {[%emt 0:00:01]} c6 {[%emt 0:00:05]} 6. Nf3 {[%emt 0:
00:02]} O-O {[%emt 0:00:01]} 7. a3 {[%emt 0:00:04]} Nbd7 {[%emt 0:00:01]} 8.
Bd3 {[%emt 0:00:02]} Re8 {[%emt 0:00:02]} 9. O-O {[%emt 0:00:02]} Nf8 {[%emt 0:
00:01]} 10. h3 {[%emt 0:00:06]} Ng6 {[%emt 0:00:10]} 11. Bh2 {[%emt 0:00:03]}
Bd6 {[%emt 0:00:02]} 12. Bxd6 {[%emt 0:00:05]} Qxd6 {[%emt 0:00:01]} 13. c5 {
[%emt 0:00:00]} Qe7 {[%emt 0:00:08]} 14. Bxg6 {[%emt 0:00:02]} hxg6 {[%emt 0:
00:01]} 15. Ne5 {[%emt 0:00:01]} Nd7 {[%emt 0:00:02]} 16. f4 {[%emt 0:00:02]}
Kh7 {[%emt 0:00:11]} 17. Qg4 {[%emt 0:00:07]} Nxe5 {[%emt 0:00:08]} 18. fxe5 {
[%emt 0:00:03]} b6 {[%emt 0:00:10]} 19. b4 {[%emt 0:00:07]} bxc5 {[%emt 0:00:
02]} 20. bxc5 {[%emt 0:00:03]} Rb8 {[%emt 0:00:05]} 21. Rab1 {[%emt 0:00:02]}
Ba6 {[%emt 0:00:02]} 22. Rfc1 {[%emt 0:00:05]} Bd3 {[%emt 0:00:07]} 23. Rxb8 {
[%emt 0:00:02]} Rxb8 {[%emt 0:00:02]} 24. e4 {[%emt 0:00:07]} f5 {[%emt 0:00:
16]} 25. exf5 {[%emt 0:00:05]} Bxf5 {[%emt 0:00:08]} 26. Qg3 {[%emt 0:00:05]}
Qb7 {[%emt 0:00:12]} 27. Ne2 {[%emt 0:00:10]} Qb2 {[%emt 0:00:10]} 28. Re1 {
[%emt 0:00:01]} Qd2 {[%emt 0:00:08]} 29. Qh4+ {[%emt 0:00:13]} Kg8 {[%emt 0:00:
04]} 30. Nf4 {[%emt 0:00:04]} Qxd4+ {[%emt 0:00:08]} 31. Kh2 {[%emt 0:00:09]}
Rb2 {[%emt 0:00:09]} 32. Qg5 {[%emt 0:00:05]} Qf2 {[%emt 0:00:18]} 33. Qd8+ {
[%emt 0:00:08]} Kh7 {[%emt 0:00:03]} 34. Qg5 {[%emt 0:00:23]} Qxe1 {[%emt 0:00:
14]} 35. h4 {[%emt 0:00:04]} Rb8 {[%emt 0:00:20]} 36. h5 {[%emt 0:00:04]} Qxe5
{[%emt 0:00:12]} 37. g3 {[%emt 0:00:06]} Rb2+ {[%emt 0:00:04]} 38. Ng2 {[%emt
0:00:05]} Qe4 {[%emt 0:00:07]} 39. hxg6+ {[%emt 0:00:03]} Bxg6 {[%emt 0:00:07]}
40. Qh4+ {[%emt 0:00:07]} Kg8 {[%emt 0:00:02]} 41. Qh3 {[%emt 0:00:03]} Rxg2+ {
[%emt 0:00:03]} 42. Qxg2 {[%emt 0:00:01]} Qxg2+ {[%emt 0:00:01]} 43. Kxg2 {
[%emt 0:00:01]} Kf7 {[%emt 0:00:00]} 44. Kf3 {[%emt 0:00:01]} Kf6 {[%emt 0:00:
00]} 45. Ke3 {[%emt 0:00:01]} e5 {[%emt 0:00:01]} 46. a4 {[%emt 0:00:01]} d4+ {
[%emt 0:00:01]} 47. Kd2 {[%emt 0:00:01]} Kg5 {[%emt 0:00:01] Stellar7 resigns}
0-1

[Event "Benidorm Satellite preliminary"]
[Site "playchess.com #007036"]
[Date "2009.10.24"]
[Round "2"]
[White "Juckel"]
[Black "Bystrc2010"]
[Result "0-1"]
[WhiteElo "1534"]
[BlackElo "1776"]
[PlyCount "72"]
[EventDate "2009.10.24"]
[EventType "swiss (blitz)"]

1. e4 {[%emt 0:00:02]} c5 {[%emt 0:00:01]} 2. Nf3 {[%emt 0:00:01]} Nc6 {[%emt
0:00:01]} 3. Bc4 {[%emt 0:00:01]} Nf6 {[%emt 0:00:01]} 4. Qe2 {[%emt 0:00:01]}
d6 {[%emt 0:00:03]} 5. c3 {[%emt 0:00:01]} Bg4 {[%emt 0:00:08]} 6. h3 {[%emt 0:
00:01]} Bxf3 {[%emt 0:00:01]} 7. Qxf3 {[%emt 0:00:06]} e6 {[%emt 0:00:06]} 8.
d3 {[%emt 0:00:02]} Be7 {[%emt 0:00:01]} 9. O-O {[%emt 0:00:02]} O-O {[%emt 0:
00:01]} 10. Be3 {[%emt 0:00:01]} Ne5 {[%emt 0:00:02]} 11. Qg3 {[%emt 0:00:14]}
Nxc4 {[%emt 0:00:04]} 12. dxc4 {[%emt 0:00:01]} Nxe4 {[%emt 0:00:08]} 13. Qg4 {
[%emt 0:00:13]} Nf6 {[%emt 0:00:04]} 14. Qe2 {[%emt 0:00:05]} Qd7 {[%emt 0:00:
09]} 15. Rd1 {[%emt 0:00:01]} Qc6 {[%emt 0:00:02]} 16. Nd2 {[%emt 0:00:03]}
Rad8 {[%emt 0:00:05]} 17. b4 {[%emt 0:00:10]} b6 {[%emt 0:00:05]} 18. Nb3 {
[%emt 0:00:06]} Rc8 {[%emt 0:00:19]} 19. b5 {[%emt 0:00:04]} Qa8 {[%emt 0:00:
07]} 20. f3 {[%emt 0:00:01]} Rfd8 {[%emt 0:00:09]} 21. a4 {[%emt 0:00:02]} Qb7
{[%emt 0:00:08]} 22. Bf2 {[%emt 0:00:03]} d5 {[%emt 0:00:14]} 23. cxd5 {[%emt
0:00:05]} Nxd5 {[%emt 0:00:02]} 24. Rac1 {[%emt 0:00:08]} Bf6 {[%emt 0:00:06]}
25. c4 {[%emt 0:00:23]} Nf4 {[%emt 0:00:23]} 26. Rxd8+ {[%emt 0:00:13]} Rxd8 {
[%emt 0:00:01]} 27. Qe3 {[%emt 0:00:05]} Ng6 {[%emt 0:00:09]} 28. Qe1 {[%emt 0:
00:20]} h6 {[%emt 0:00:06]} 29. a5 {[%emt 0:00:01]} Ne5 {[%emt 0:00:14]} 30.
Rd1 {[%emt 0:00:15]} Rxd1 {[%emt 0:00:02]} 31. Qxd1 {[%emt 0:00:01]} Nxc4 {
[%emt 0:00:05]} 32. axb6 {[%emt 0:00:18]} axb6 {[%emt 0:00:04]} 33. Qc2 {[%emt
0:00:19]} Qd5 {[%emt 0:00:06]} 34. Qa2 {[%emt 0:00:18]} Nd6 {[%emt 0:00:09]}
35. Qa4 {[%emt 0:00:09]} Be5 {[%emt 0:00:07]} 36. Qa2 {[%emt 0:00:10]} Qd1+ {
[%emt 0:00:05] Juckel gibt auf} 0-1

[Event "Benidorm Satellite preliminary"]
[Site "playchess.com #007036"]
[Date "2009.10.24"]
[Round "2"]
[White "Thin_white_duke"]
[Black "God of chess"]
[Result "1-0"]
[WhiteElo "2338"]
[BlackElo "1928"]
[PlyCount "131"]
[EventDate "2009.10.24"]
[EventType "swiss (blitz)"]

1. d4 {[%emt 0:00:02]} d5 {[%emt 0:00:14]} 2. c4 {[%emt 0:00:02]} e6 {[%emt 0:
00:01]} 3. Nf3 {[%emt 0:00:01]} Nf6 {[%emt 0:00:01]} 4. g3 {[%emt 0:00:01]}
Bb4+ {[%emt 0:00:03]} 5. Bd2 {[%emt 0:00:02]} Be7 {[%emt 0:01:43]} 6. Bg2 {
[%emt 0:00:03]} O-O {[%emt 0:00:06]} 7. O-O {[%emt 0:00:01]} Nc6 {[%emt 0:00:
06]} 8. Qc2 {[%emt 0:00:07]} h6 {[%emt 0:00:06]} 9. Rd1 {[%emt 0:00:14]} dxc4 {
[%emt 0:00:01]} 10. Qxc4 {[%emt 0:00:03]} Bd6 {[%emt 0:00:01]} 11. Nc3 {[%emt
0:00:03]} Re8 {[%emt 0:00:01]} 12. e4 {[%emt 0:00:04]} Be7 {[%emt 0:00:03]} 13.
Bf4 {[%emt 0:00:06]} Nd7 {[%emt 0:00:01]} 14. d5 {[%emt 0:00:05]} Nb6 {[%emt 0:
00:01]} 15. Qb3 {[%emt 0:00:03]} exd5 {[%emt 0:00:02]} 16. exd5 {[%emt 0:00:01]
} Na5 {[%emt 0:00:01]} 17. Qc2 {[%emt 0:00:04]} Bd6 {[%emt 0:00:03]} 18. Be3 {
[%emt 0:00:08]} Nac4 {[%emt 0:00:03]} 19. Bd4 {[%emt 0:00:01]} Ne5 {[%emt 0:00:
02]} 20. a4 {[%emt 0:00:07]} Nxf3+ {[%emt 0:00:03]} 21. Bxf3 {[%emt 0:00:02]}
Be5 {[%emt 0:00:01]} 22. Be3 {[%emt 0:00:07]} Bxc3 {[%emt 0:00:02]} 23. bxc3 {
[%emt 0:00:02]} Qf6 {[%emt 0:00:01]} 24. Bg2 {[%emt 0:00:02]} Bf5 {[%emt 0:00:
01]} 25. Qb3 {[%emt 0:00:04]} Rad8 {[%emt 0:00:01]} 26. a5 {[%emt 0:00:09]} Nc8
{[%emt 0:00:08]} 27. Qxb7 {[%emt 0:00:05]} Nd6 {[%emt 0:00:03]} 28. Qxc7 {
[%emt 0:00:03]} Rc8 {[%emt 0:00:01]} 29. Qxa7 {[%emt 0:00:01]} Qxc3 {[%emt 0:
00:03]} 30. Qd4 {[%emt 0:00:05]} Qxd4 {[%emt 0:00:01]} 31. Bxd4 {[%emt 0:00:01]
} Nc4 {[%emt 0:00:02]} 32. a6 {[%emt 0:00:03]} Ra8 {[%emt 0:00:03]} 33. d6 {
[%emt 0:00:02]} Nxd6 {[%emt 0:00:03]} 34. Bxa8 {[%emt 0:00:03]} Rxa8 {[%emt 0:
00:00]} 35. a7 {[%emt 0:00:02]} Nb5 {[%emt 0:00:02]} 36. Be3 {[%emt 0:00:03]}
Bg4 {[%emt 0:00:03]} 37. Rdb1 {[%emt 0:00:04]} Bd7 {[%emt 0:00:01]} 38. Rb4 {
[%emt 0:00:02]} Kf8 {[%emt 0:00:02]} 39. Rab1 {[%emt 0:00:05]} Nxa7 {[%emt 0:
00:03]} 40. Ra1 {[%emt 0:00:07]} Ke7 {[%emt 0:00:06]} 41. Rxa7 {[%emt 0:00:02]}
Rxa7 {[%emt 0:00:00]} 42. Bxa7 {[%emt 0:00:01]} Be6 {[%emt 0:00:00]} 43. Bd4 {
[%emt 0:00:04]} f6 {[%emt 0:00:02]} 44. Rb7+ {[%emt 0:00:03]} Kf8 {[%emt 0:00:
01]} 45. Ra7 {[%emt 0:00:02]} Kg8 {[%emt 0:00:01]} 46. f3 {[%emt 0:00:01]} Kf8
{[%emt 0:00:01]} 47. Kf2 {[%emt 0:00:00]} Kg8 {[%emt 0:00:01]} 48. h4 {[%emt 0:
00:01]} Kh7 {[%emt 0:00:01]} 49. h5 {[%emt 0:00:01]} Kg8 {[%emt 0:00:01]} 50.
g4 {[%emt 0:00:01]} Bd5 {[%emt 0:00:01]} 51. Ke3 {[%emt 0:00:02]} Be6 {[%emt 0:
00:01]} 52. Re7 {[%emt 0:00:03]} Bb3 {[%emt 0:00:01]} 53. Kf4 {[%emt 0:00:02]}
Ba2 {[%emt 0:00:01]} 54. Ra7 {[%emt 0:00:03]} Bb3 {[%emt 0:00:01]} 55. Kg3 {
[%emt 0:00:01]} Bc4 {[%emt 0:00:01]} 56. f4 {[%emt 0:00:01]} Bd5 {[%emt 0:00:
01]} 57. g5 {[%emt 0:00:01]} hxg5 {[%emt 0:00:02]} 58. fxg5 {[%emt 0:00:01]}
fxg5 {[%emt 0:00:01]} 59. Rxg7+ {[%emt 0:00:02]} Kf8 {[%emt 0:00:02]} 60. h6 {
[%emt 0:00:01]} Be4 {[%emt 0:00:02]} 61. h7 {[%emt 0:00:03]} Bxh7 {[%emt 0:00:
01]} 62. Rxh7 {[%emt 0:00:01]} Kg8 {[%emt 0:00:01]} 63. Rg7+ {[%emt 0:00:04]}
Kh8 {[%emt 0:00:01]} 64. Ra7+ {[%emt 0:00:11]} Kg8 {[%emt 0:00:02]} 65. Kg4 {
[%emt 0:00:01]} Kf8 {[%emt 0:00:01]} 66. Kxg5 {[%emt 0:00:01] God of chess
resigns} 1-0

[Event "Benidorm Satellite preliminary"]
[Site "playchess.com #007036"]
[Date "2009.10.24"]
[Round "2"]
[White "Craigsholl66"]
[Black "Xankov"]
[Result "0-1"]
[WhiteElo "1619"]
[BlackElo "1822"]
[PlyCount "94"]
[EventDate "2009.10.24"]
[EventType "swiss (blitz)"]

1. e4 {[%emt 0:00:02]} d5 {[%emt 0:00:03]} 2. exd5 {[%emt 0:00:01]} Qxd5 {
[%emt 0:00:01]} 3. Nc3 {[%emt 0:00:01]} Qd6 {[%emt 0:00:01]} 4. Nf3 {[%emt 0:
00:03]} Nf6 {[%emt 0:00:04]} 5. Bc4 {[%emt 0:00:04]} a6 {[%emt 0:00:02]} 6. O-O
{[%emt 0:00:03]} b5 {[%emt 0:00:05]} 7. Bb3 {[%emt 0:00:09]} Bb7 {[%emt 0:00:
02]} 8. d3 {[%emt 0:00:14]} e6 {[%emt 0:00:05]} 9. Bg5 {[%emt 0:00:03]} Be7 {
[%emt 0:00:09]} 10. Qe2 {[%emt 0:00:11]} O-O {[%emt 0:00:02]} 11. Ne4 {[%emt 0:
00:10]} Nxe4 {[%emt 0:00:11]} 12. Bxe7 {[%emt 0:00:16]} Qxe7 {[%emt 0:00:02]}
13. dxe4 {[%emt 0:00:01]} c5 {[%emt 0:00:03]} 14. c3 {[%emt 0:00:04]} Nd7 {
[%emt 0:00:12]} 15. Rad1 {[%emt 0:00:19]} c4 {[%emt 0:00:02]} 16. Bc2 {[%emt 0:
00:01]} Nc5 {[%emt 0:00:01]} 17. Nd4 {[%emt 0:00:11]} Rfd8 {[%emt 0:00:08]} 18.
Rd2 {[%emt 0:00:06]} g6 {[%emt 0:00:02]} 19. Rfd1 {[%emt 0:00:01]} e5 {[%emt 0:
00:04]} 20. Nf3 {[%emt 0:00:06]} f6 {[%emt 0:00:10]} 21. b4 {[%emt 0:00:16]}
Ne6 {[%emt 0:00:13]} 22. Rxd8+ {[%emt 0:00:07]} Rxd8 {[%emt 0:00:02]} 23. Rxd8+
{[%emt 0:00:02]} Qxd8 {[%emt 0:00:02]} 24. Qd2 {[%emt 0:00:09]} Qxd2 {[%emt 0:
00:02]} 25. Nxd2 {[%emt 0:00:01]} Nf4 {[%emt 0:00:01]} 26. Kf1 {[%emt 0:00:18]}
Kf7 {[%emt 0:00:04]} 27. g3 {[%emt 0:00:06]} Ne6 {[%emt 0:00:01]} 28. a4 {
[%emt 0:00:05]} Ng5 {[%emt 0:00:05]} 29. axb5 {[%emt 0:00:04]} axb5 {[%emt 0:
00:01]} 30. Ke2 {[%emt 0:00:04]} Ke6 {[%emt 0:00:06]} 31. Nf3 {[%emt 0:00:02]}
Nxe4 {[%emt 0:00:10]} 32. Bxe4 {[%emt 0:00:11]} Bxe4 {[%emt 0:00:01]} 33. Ke3 {
[%emt 0:00:04]} Bxf3 {[%emt 0:00:04]} 34. Kxf3 {[%emt 0:00:01]} f5 {[%emt 0:00:
06]} 35. h4 {[%emt 0:00:03]} h6 {[%emt 0:00:02]} 36. Ke3 {[%emt 0:00:05]} g5 {
[%emt 0:00:02]} 37. hxg5 {[%emt 0:00:02]} hxg5 {[%emt 0:00:02]} 38. f3 {[%emt
0:00:05]} Kd5 {[%emt 0:00:15]} 39. g4 {[%emt 0:00:14]} f4+ {[%emt 0:00:10]} 40.
Kf2 {[%emt 0:00:06]} e4 {[%emt 0:00:02]} 41. Ke2 {[%emt 0:00:09]} exf3+ {[%emt
0:00:13] '} 42. Kxf3 {[%emt 0:00:01]} Ke5 {[%emt 0:00:01]} 43. Ke2 {[%emt 0:00:
01]} Ke4 {[%emt 0:00:01]} 44. Kf2 {[%emt 0:00:01]} Kd3 {[%emt 0:00:00]} 45. Kf3
{[%emt 0:00:01]} Kxc3 {[%emt 0:00:01]} 46. Ke4 {[%emt 0:00:00]} Kxb4 {[%emt 0:
00:01]} 47. Kf5 {[%emt 0:00:00]} c3 {[%emt 0:00:02] Craigsholl66 resigns} 0-1

[Event "Benidorm Satellite preliminary"]
[Site "playchess.com #007036"]
[Date "2009.10.24"]
[Round "2"]
[White "Misu2008"]
[Black "MONFMA0214"]
[Result "0-1"]
[WhiteElo "1816"]
[BlackElo "1616"]
[PlyCount "64"]
[EventDate "2009.10.24"]
[EventType "swiss (blitz)"]

1. d4 {[%emt 0:00:02]} Nf6 {[%emt 0:00:01]} 2. c4 {[%emt 0:00:03]} e6 {[%emt 0:
00:03]} 3. g3 {[%emt 0:00:05]} c5 {[%emt 0:00:05]} 4. Nf3 {[%emt 0:00:02]} b6 {
[%emt 0:00:03]} 5. Bg2 {[%emt 0:00:02]} Bb7 {[%emt 0:00:01]} 6. O-O {[%emt 0:
00:01]} cxd4 {[%emt 0:00:09]} 7. Qxd4 {[%emt 0:00:01]} Nc6 {[%emt 0:00:02]} 8.
Qd1 {[%emt 0:00:16]} Bc5 {[%emt 0:00:15]} 9. a3 {[%emt 0:00:05]} O-O {[%emt 0:
00:04]} 10. b4 {[%emt 0:00:03]} Be7 {[%emt 0:00:01]} 11. Bb2 {[%emt 0:00:02]}
d5 {[%emt 0:00:11]} 12. cxd5 {[%emt 0:00:10]} Nxd5 {[%emt 0:00:02]} 13. Qb3 {
[%emt 0:00:05]} Bf6 {[%emt 0:00:07]} 14. Bxf6 {[%emt 0:00:23]} Qxf6 {[%emt 0:
00:04]} 15. Nbd2 {[%emt 0:00:01]} Rfd8 {[%emt 0:00:29]} 16. Rac1 {[%emt 0:00:
29]} Rac8 {[%emt 0:00:34]} 17. Ne4 {[%emt 0:00:34]} Qe7 {[%emt 0:00:03]} 18.
Rfd1 {[%emt 0:00:04]} h6 {[%emt 0:00:13]} 19. b5 {[%emt 0:00:26]} Na5 {[%emt 0:
00:03]} 20. Qa2 {[%emt 0:00:10]} Rxc1 {[%emt 0:00:11]} 21. Rxc1 {[%emt 0:00:03]
} Qd7 {[%emt 0:00:18]} 22. Ned2 {[%emt 0:00:16]} Qxb5 {[%emt 0:00:09]} 23. e4 {
[%emt 0:00:09]} Nf6 {[%emt 0:00:05]} 24. Rc7 {[%emt 0:00:02]} Bxe4 {[%emt 0:00:
12]} 25. Nxe4 {[%emt 0:00:04]} Nxe4 {[%emt 0:00:05]} 26. Qc2 {[%emt 0:00:01]}
Nc5 {[%emt 0:00:05]} 27. Ne5 {[%emt 0:00:03]} f6 {[%emt 0:00:08]} 28. Ng6 {
[%emt 0:00:03]} Rd7 {[%emt 0:00:01]} 29. Rc8+ {[%emt 0:00:02]} Kf7 {[%emt 0:00:
02]} 30. Nh8+ {[%emt 0:00:05]} Ke7 {[%emt 0:00:01]} 31. Qg6 {[%emt 0:00:00]}
Kd6 {[%emt 0:00:01]} 32. Qd3+ {[%emt 0:00:03]} Nxd3 {[%emt 0:00:02] Misu2008
resigns} 0-1

[Event "Benidorm Satellite preliminary"]
[Site "playchess.com #007036"]
[Date "2009.10.24"]
[Round "2"]
[White "SteinerKarl"]
[Black "Wun2"]
[Result "0-1"]
[WhiteElo "1650"]
[BlackElo "1819"]
[PlyCount "70"]
[EventDate "2009.10.24"]
[EventType "swiss (blitz)"]

1. d4 {[%emt 0:00:03]} d5 {[%emt 0:00:01]} 2. c4 {[%emt 0:00:02]} e6 {[%emt 0:
00:01]} 3. Nf3 {[%emt 0:00:03]} Nf6 {[%emt 0:00:02]} 4. g3 {[%emt 0:00:02]} Be7
{[%emt 0:00:01]} 5. Bg2 {[%emt 0:00:02]} O-O {[%emt 0:00:01]} 6. O-O {[%emt 0:
00:01]} dxc4 {[%emt 0:00:01]} 7. Qc2 {[%emt 0:00:03]} a6 {[%emt 0:00:01]} 8.
Qxc4 {[%emt 0:00:02]} b5 {[%emt 0:00:01]} 9. Qc2 {[%emt 0:00:01]} Bb7 {[%emt 0:
00:01]} 10. Bg5 {[%emt 0:00:10]} Nbd7 {[%emt 0:00:02]} 11. a3 {[%emt 0:00:07]}
Rc8 {[%emt 0:00:08]} 12. b4 {[%emt 0:00:08]} a5 {[%emt 0:00:20]} 13. Qb2 {
[%emt 0:00:13]} axb4 {[%emt 0:00:17]} 14. axb4 {[%emt 0:00:02]} Nd5 {[%emt 0:
00:03]} 15. Bxe7 {[%emt 0:00:05]} Qxe7 {[%emt 0:00:00]} 16. Nc3 {[%emt 0:00:49]
} Qxb4 {[%emt 0:00:15]} 17. Qxb4 {[%emt 0:00:03]} Nxb4 {[%emt 0:00:01]} 18.
Nxb5 {[%emt 0:00:01]} Ba6 {[%emt 0:00:28]} 19. Nc3 {[%emt 0:00:26]} c5 {[%emt
0:00:04]} 20. Ne4 {[%emt 0:00:32]} Bxe2 {[%emt 0:00:11]} 21. Rfc1 {[%emt 0:00:
15]} c4 {[%emt 0:00:59] '} 22. Ne5 {[%emt 0:00:12]} Nxe5 {[%emt 0:00:05]} 23.
dxe5 {[%emt 0:00:01]} Nd5 {[%emt 0:00:06]} 24. Nd6 {[%emt 0:00:05]} Rc7 {[%emt
0:00:03]} 25. Bf1 {[%emt 0:00:10]} Bxf1 {[%emt 0:00:09]} 26. Kxf1 {[%emt 0:00:
02]} c3 {[%emt 0:00:01]} 27. Rc2 {[%emt 0:00:12]} f6 {[%emt 0:00:08]} 28. f4 {
[%emt 0:00:03]} fxe5 {[%emt 0:00:01]} 29. Ke2 {[%emt 0:00:03]} exf4 {[%emt 0:
00:04]} 30. gxf4 {[%emt 0:00:02]} Rxf4 {[%emt 0:00:10]} 31. Nb5 {[%emt 0:00:03]
} Rc8 {[%emt 0:00:03]} 32. Kd3 {[%emt 0:00:04] .} Nb4+ {[%emt 0:00:02]} 33. Ke3
{[%emt 0:00:02]} Nxc2+ {[%emt 0:00:00]} 34. Kxf4 {[%emt 0:00:01]} Nxa1 {[%emt
0:00:01]} 35. Nd6 {[%emt 0:00:02]} c2 {[%emt 0:00:00] Zeit} 0-1